| 000 | 00532nam a2200181Ia 4500 | ||
|---|---|---|---|
| 001 | 14589 | ||
| 003 | GE_BSU | ||
| 008 | 181216s||||||||xx |||||||||||||| ||und|| | ||
| 040 | _cGE_BSU | ||
| 245 | _aИммунология.Том 35. №6.Ноябрь-Декабрь 2014 | ||
| 245 | _cГлю.ред.ак. Р.М. Хаитов.Ред.Е.И.Константинова | ||
| 260 | _aМосква | ||
| 260 | _bМедицина | ||
| 260 | _c2014 | ||
| 300 | _a299-336стр.29см. | ||
| 653 | _aИммунология. | ||
| 942 | _cCR | ||
| 999 |
_c47718 _d47718 |
||